Angleterre ou Galles? - Statistiques

Statistiques générales
  • Ce quiz a été pris 217 fois
    211 depuis la dernière actualisation
  • Le résultat moyen est 11 sur 14
Statistiques - réponses
Question Réponse % Correct
A un région de terre le plus grand Angleterre
100%
A une croix sur son drapeau Angleterre
93%
Est un des quatres pays composants de la Royaume Uni Les Deux
93%
A deux langues officielles Pays de Galles
93%
A une "Mégapole", definé comme une agglomération urbaine avec une population plus de 10 million Angleterre
87%
A une population d'environ 56 million Angleterre
87%
A une frontière avec l'Écosse Angleterre
87%
A plus de moutons que personnes Pays de Galles
87%
Contient l'Isle d'Anglesey Pays de Galles
80%
Ou St David's, la ville le plus petite de la R.U, est situer Pays de Galles
73%
Dont capitale a sept lettres Les Deux
67%
Est consideré un des six "Nations Celtiques" Pays de Galles
53%
A la sommet le plus grand des deux Pays de Galles
47%
S'étendre la plus ouest Angleterre
33%
Aucun quiz correspondant
Distribution des résultats
% des personnes avec chaque résultat
Percentile par nombre de réponses
Votre historique - résultats
Vous n’avez pas pris ce quiz depuis la dernière actualisation